Evaluación de impacto ambiental por contaminación atmósferica para la ampliación y modernización de refinadora de petróleo
Salvato in:
| Autore principale: | |
|---|---|
| Natura: | Libro |
| Pubblicazione: |
San José, Costa Rica
2011
|
| Soggetti: | |
| Tags: |
Aggiungi Tag
Nessun Tag, puoi essere il primo ad aggiungerne!!
|
MARC
| LEADER | 00000nam a2200000Ia 4500 | ||
|---|---|---|---|
| 003 | 010609 | ||
| 005 | 20221231144024.0 | ||
| 008 | 140114s2011 cr ab 000 0 s d | ||
| 040 | |c cru CEDI | ||
| 090 | |a TFG 6441 | ||
| 100 | |a Aguilar Palma, Roy |9 2347 | ||
| 245 | |a Evaluación de impacto ambiental por contaminación atmósferica para la ampliación y modernización de refinadora de petróleo | ||
| 260 | |c 2011 |b San José, Costa Rica | ||
| 500 | |a Proyecto de graduación (licenciatura en ingeniería química)--Universidad de Costa Rica. Facultad de Ingeniería. Escuela de Ingeniería Química | ||
| 650 | |x REFINADORA COSTARRICENSE DE PETROLEO. PLANTEL DE MOIN |x CONTAMINACION DEL AIRE |x CONTROL DE CALIDAD DEL AIRE |x MEDIDAS DE SEGURIDAD |x EVALUACION DEL IMPACTO AMBIENTAL |x EMISIONES DE GASES |x GESTION AMBIENTAL |9 2348 | ||
| 942 | |c TFG | ||
| 999 | |c 15748 |d 15748 | ||
